| 000 | 01011nam a22003257a 4500 | ||
|---|---|---|---|
| 001 | BR0500715 | ||
| 003 | BR-BrBNA | ||
| 005 | 20230928101838.0 | ||
| 007 | ta | ||
| 008 | 230509b bl.||||| |||| 00| 0 por d | ||
| 040 |
_aBR-BrBNA _bpor _cBiblioteca Nacional de Agricultura |
||
| 041 | _a(Por) | ||
| 072 |
_aF50 _b2760 |
||
| 090 | _ 2760 BR0500715 | ||
| 100 | 1 | _aSouza, C.A. de | |
| 110 | 1 |
_aCentro de Energia Nuclear na Agricultura, Piracicaba, SP (Brasil) _0Tese (Doutor em Ciências) |
|
| 245 | 1 | _aAlterações celulares relacionadas com a sensibilidade ao alumínio em Nicotina tabacum L. cv. BY-2 | |
| 260 | 3 |
_aPiracicaba, SP (Brasil): _c2004. |
|
| 300 | _a123 p. | ||
| 500 | _aSummaries (Eng, Por); 25 illus.; Bibliography p. 103-123 | ||
| 650 | _aNICOTINA TABACUM | ||
| 650 | _aFUMO | ||
| 650 | _aALUMÍNIO | ||
| 650 | _aCITOLOGIA | ||
| 650 | _aCÉLULA VEGETAL | ||
| 650 | _aBIOLOGIA MOLECULAR | ||
| 650 | _aANÁLISE QUÍMICA | ||
| 909 |
_a202309 _bLucia _c55 _dLucia Elande |
||
| 942 | _cBK | ||
| 999 |
_c67868 _d67868 |
||